| 000 | 00605nam a2200205Ia 4500 | ||
|---|---|---|---|
| 003 | OSt | ||
| 005 | 20230519050950.0 | ||
| 008 | 210423s1997 xx 000 0 und d | ||
| 040 | _cAL | ||
| 041 | _aeng | ||
| 082 |
_a338.9 _223 _bKABD |
||
| 100 |
_aKABRA (Kamal Nayan) _9109179 |
||
| 245 | _aDevelopment planning in india: exploring an alternative | ||
| 260 |
_aNew Delhi _bSage Publications _c1997 |
||
| 365 |
_b395 _cINR |
||
| 650 |
_aEconomics _9109180 |
||
| 650 |
_aEconomics of Development _9109181 |
||
| 906 | _aalternative ; an ; Development ; exploring ; india: ; planning | ||
| 942 |
_2ddc _cBK |
||
| 999 |
_c172475 _d172475 |
||